[Event "FRA-ch Railways-B"]
[Site "Soulac sur Mer"]
[Date "2015.05.26"]
[Round "2"]
[White "Adam, Claude"]
[Black "Gomez, Antoine"]
[Result "1-0"]
[WhiteElo "1681"]
[BlackElo "1838"]
[PlyCount "59"]
[EventDate "2015.05.26"]
[EventType "swiss"]
[EventRounds "7"]
[EventCountry "FRA"]
[SourceTitle "EXT 2016"]
[Source "ChessBase"]
[SourceDate "2015.10.08"]
[SourceVersion "1"]
[SourceVersionDate "2015.10.08"]
[SourceQuality "1"]

1. c4 Nf6 2. Nc3 d5 3. cxd5 Nxd5 4. e4 Nxc3 5. bxc3 g6 6. Nf3 Bg7 7. Be2 0-0 8. 0-0 c5 9. Rb1 b6 10. a4 Ba6 11. Bb2 Bxe2 12. Qxe2 Nc6 13. Rfd1 Qc7 14. d4 cxd4 15. cxd4 e6 16. Rbc1 Qb7 17. d5 exd5 18. exd5 Na5 19. Bxg7 Kxg7 20. d6 Nc6 21. Qb5 Rac8 22. d7 Rc7 23. Qb2+ Kg8 24. Rxc6 Rxd7 25. Rcd6 Re7 26. Rd8 Ree8 27. Rxe8 Rxe8 28. Qd4 Qe7 29. h3 Qf8 30. Ne5 1-0

[Event "FRA-ch Railways-A"]
[Site "St Mandrier"]
[Date "2015.04.07"]
[Round "7"]
[White "Adam, Claude"]
[Black "Viel, Bruno"]
[Result "1-0"]
[WhiteElo "1653"]
[BlackElo "1518"]
[PlyCount "37"]
[EventDate "2015.04.07"]
[EventType "swiss"]
[EventRounds "7"]
[EventCountry "FRA"]
[SourceTitle "EXT 2016"]
[Source "ChessBase"]
[SourceDate "2015.10.08"]
[SourceVersion "1"]
[SourceVersionDate "2015.10.08"]
[SourceQuality "1"]

1. c4 g6 2. e4 Bg7 3. d4 e5 4. d5 d6 5. Nc3 Nf6 6. f4 Na6 7. fxe5 dxe5 8. Be2 Nc5 9. Bf3 Bd7 10. b4 Na6 11. b5 Nc5 12. Ba3 b6 13. Bxc5 bxc5 14. Nge2 a6 15. a4 axb5 16. Nxb5 Ng4 17. Bxg4 Bxg4 18. d6 c6 19. Nc7+ 1-0